000
00298nam a22001217a 4500
020
_a
9789350042366
082
_2
22
_a
005.1
100
_a
N/A
245
_a
Concepts of programming and Opps /
260
_a
New Delhi,
_b
Dreamtech,
_c
c2011.
300
_a
xii, 236p. ;
_b
ill. ;
_c
24 cm.
942
_2
ddc
_c
IT
_0
10
999
_c
462
_d
462